000 00323 a2200157 4500
001 57870
020 _a8531200296
040 _cAnchieta - Pituba
100 _aOster, Jerry
240 1 0 _aSaint Mike
_lpor
245 1 0 _aSaint Mike
300 _a252
362 0 _a1988
650 4 _aFicção norte-americana
942 _cBK
999 _c57870
_d57870